[Event "WchT Seniors 50"]
[Site "Krakow"]
[Date "2024.07.09"]
[Round "7.1"]
[White "Slabek, Grzegorz"]
[Black "Homer, Stephen J"]
[Result "1/2-1/2"]
[WhiteElo "1962"]
[BlackElo "2019"]
[PlyCount "84"]
[EventDate "2024.07.02"]
[EventType "team-swiss"]
[EventRounds "9"]
[EventCountry "POL"]
[SourceTitle "CBM 221 Extra"]
[Source "ChessBase"]
[SourceDate "2024.09.30"]
[SourceVersion "1"]
[SourceVersionDate "2024.09.30"]
[SourceQuality "1"]
[WhiteTeam "Poland Malopolska 50"]
[BlackTeam "England 50 IV"]
[WhiteTeamCountry "POL"]
[BlackTeamCountry "ENG"]

1. Nf3 c5 2. b3 Nf6 3. Bb2 e6 4. e3 b6 5. Be2 Bb7 6. 0-0 d6 7. c4 g6 8. d4 Nbd7 9. Nc3 a6 10. dxc5 Nxc5 11. b4 Ncd7 12. Ng5 Be7 13. Nge4 Qc7 14. Bf3 0-0 15. Rc1 Ne5 16. Nxf6+ Bxf6 17. Bxb7 Qxb7 18. Qe2 Rfc8 19. Nb1 Bg7 20. Nd2 Nd3 21. Qxd3 Bxb2 22. Rc2 Bg7 23. Qxd6 Bf8 24. Qe5 Bxb4 25. Ne4 Be7 26. Rb1 Qc6 27. g3 Rd8 28. h4 f5 29. Nd2 Rf8 30. Qb2 Rab8 31. Rbc1 Kf7 32. Nb3 Rfd8 33. Rd2 Rxd2 34. Nxd2 Rd8 35. Nb3 Bc5 36. Nxc5 Qxc5 37. Rb1 Qxc4 38. Qxb6 Rd7 39. a3 Qd3 40. Qb2 Rc7 41. Rc1 Rxc1+ 42. Qxc1 Qd7 1/2-1/2

[Event "Cambridge op 2nd"]
[Site "Cambridge"]
[Date "2024.02.20"]
[Round "3"]
[White "Bradbury, Neil H"]
[Black "Homer, Stephen J"]
[Result "1-0"]
[WhiteElo "2234"]
[BlackElo "2021"]
[PlyCount "58"]
[EventDate "2024.02.19"]
[EventType "swiss"]
[EventRounds "9"]
[EventCountry "ENG"]
[SourceTitle "CBM 218 Extra"]
[Source "ChessBase"]
[SourceDate "2024.03.31"]
[SourceVersion "1"]
[SourceVersionDate "2024.03.31"]
[SourceQuality "1"]

1. d4 Nf6 2. c4 e6 3. Nf3 Bb4+ 4. Nbd2 0-0 5. a3 Be7 6. e4 d6 7. Be2 Nbd7 8. 0-0 e5 9. b4 exd4 10. Nxd4 Re8 11. Bb2 Bf8 12. Qc2 c5 13. Nf5 cxb4 14. axb4 d5 15. cxd5 g6 16. Ng3 Bxb4 17. Nf3 Qe7 18. Bd3 Ng4 19. Bb5 Rd8 20. h3 Nge5 21. Nd4 Nb6 22. f4 Qh4 23. fxe5 Qxg3 24. Rf3 Qg5 25. Raf1 Rf8 26. e6 fxe6 27. Qc7 Rxf3 28. Nxf3 Qe7 29. Qe5 Qd8 1-0

[Event "South Wales New Year op"]
[Site "Bridgend"]
[Date "2023.01.08"]
[Round "5"]
[White "Homer, Stephen J"]
[Black "Rees, Ioan"]
[Result "0-1"]
[WhiteElo "1973"]
[BlackElo "2269"]
[PlyCount "60"]
[EventDate "2023.01.06"]
[EventType "swiss"]
[EventRounds "5"]
[EventCountry "WLS"]
[SourceTitle "EXT 2024"]
[Source "ChessBase"]
[SourceDate "2023.10.10"]
[SourceVersion "1"]
[SourceVersionDate "2023.10.10"]
[SourceQuality "1"]

1. e4 e5 2. Nf3 Nc6 3. Bb5 Nf6 4. d3 Bc5 5. c3 0-0 6. 0-0 Re8 7. Nbd2 a6 8. Ba4 h6 9. Bb3 d6 10. h3 Ba7 11. Re1 Ne7 12. Nf1 Ng6 13. Ng3 c6 14. d4 Be6 15. Bc2 Qc7 16. Nf5 Rad8 17. Be3 d5 18. exd5 Nxd5 19. N3h4 Nxe3 20. fxe3 Nxh4 21. Nxh4 Bb8 22. Qf3 exd4 23. cxd4 Rd5 24. Nf5 Bxf5 25. Bxf5 Qh2+ 26. Kf1 g6 27. Be4 Rg5 28. Ke2 Rg3 29. Rh1 Rxf3 30. Rxh2 Rf6 0-1

[Event "BCF-chT3Sb 1920 (4NCL)"]
[Site "England"]
[Date "2020.02.09"]
[Round "6.52"]
[White "Homer, Stephen J"]
[Black "Starley, Robert"]
[Result "0-1"]
[WhiteElo "2001"]
[BlackElo "2072"]
[PlyCount "126"]
[EventDate "2019.11.09"]
[EventType "team-tourn"]
[EventRounds "11"]
[EventCountry "ENG"]
[SourceTitle "EXT 2023"]
[Source "ChessBase"]
[SourceDate "2022.10.05"]
[SourceVersion "1"]
[SourceVersionDate "2022.10.05"]
[SourceQuality "1"]
[WhiteTeam "West is Best II"]
[BlackTeam "Cambridge University II"]
[WhiteTeamCountry "WLS"]
[BlackTeamCountry "ENG"]

1. e4 c5 2. Nf3 d6 3. Bb5+ Bd7 4. c4 Nc6 5. Nc3 Nf6 6. 0-0 g6 7. d3 Bg7 8. Rb1 0-0 9. h3 Rb8 10. a3 Ne8 11. Bg5 a6 12. Ba4 Nc7 13. Nd5 b5 14. Nxc7 Qxc7 15. cxb5 axb5 16. Bb3 h6 17. Be3 b4 18. d4 cxd4 19. Nxd4 bxa3 20. bxa3 Qa5 21. Nc2 Kh7 22. Qd2 Qa6 23. Ba2 Qa4 24. f3 Ne5 25. Rxb8 Rxb8 26. Bd4 Rc8 27. Rc1 Nxf3+ 28. gxf3 Bxd4+ 29. Nxd4 Rxc1+ 30. Qxc1 Qxd4+ 31. Kg2 Kg7 32. Bb3 Bb5 33. Qc2 Qa1 34. a4 Qf1+ 35. Kg3 Bd7 36. Qg2 Qe1+ 37. Kh2 Qa1 38. Qc2 Qf1 39. Qg2 Qd3 40. Qb2+ e5 41. Kg2 Qe3 42. a5 Bb5 43. Bd1 Qd3 44. Kh2 Ba6 45. Qc2 Qf1 46. Qd2 Bc8 47. Qxd6 Qf2+ 48. Kh1 Qe1+ 49. Kg2 Qxa5 50. Bb3 Qc3 51. Bd5 Qd2+ 52. Kg3 Qg5+ 53. Kh2 Qh5 54. Qc7 Qxh3+ 55. Kg1 Qg3+ 56. Kh1 Qxf3+ 57. Kg1 Bh3 58. Qxe5+ Kh7 59. Qb2 Qg3+ 60. Kh1 Bg4 61. e5 Bf3+ 62. Bxf3 Qxf3+ 63. Kg1 h5 0-1

[Event "GBR-ch 50+ 106th"]
[Site "Torquay"]
[Date "2019.07.31"]
[Round "3"]
[White "Homer, Stephen J"]
[Black "Josse, Mark"]
[Result "0-1"]
[WhiteElo "2017"]
[BlackElo "2209"]
[PlyCount "60"]
[EventDate "2019.07.29"]
[EventType "swiss"]
[EventRounds "7"]
[EventCountry "ENG"]
[SourceTitle "EXT 2020"]
[Source "ChessBase"]
[SourceDate "2019.10.17"]
[SourceVersion "1"]
[SourceVersionDate "2019.10.17"]
[SourceQuality "1"]

1. e4 c5 2. Nf3 e6 3. d4 cxd4 4. Nxd4 a6 5. Bd3 Qc7 6. 0-0 Nf6 7. Qe2 d6 8. c4 b6 9. Nc3 Be7 10. f4 Nbd7 11. Kh1 Bb7 12. Bd2 g6 13. Rae1 e5 14. Nd5 Nxd5 15. exd5 0-0 16. f5 Bf6 17. fxg6 hxg6 18. Ne6 fxe6 19. Qg4 Nc5 20. Bxg6 exd5 21. Rf3 Bg7 22. Rg3 Rf6 23. Qh5 Ne4 24. Qh7+ Kf8 25. Bxe4 dxe4 26. Bg5 Rf7 27. Bh6 Bxh6 28. Qxh6+ Ke7 29. Rg6 Qxc4 30. Rxd6 Qf1+ 0-1

[Event "West Wales op"]
[Site "Swansea"]
[Date "2018.10.14"]
[Round "4"]
[White "Homer, Stephen J"]
[Black "McCarthy, Moss"]
[Result "1-0"]
[WhiteElo "2114"]
[BlackElo "1912"]
[PlyCount "53"]
[EventDate "2018.10.12"]
[EventType "swiss"]
[EventRounds "5"]
[EventCountry "WLS"]
[SourceTitle "EXT 2020"]
[Source "ChessBase"]
[SourceDate "2019.10.17"]
[SourceVersion "1"]
[SourceVersionDate "2019.10.17"]
[SourceQuality "1"]

1. e4 c5 2. Nf3 d6 3. c3 Nf6 4. h3 Nc6 5. Bd3 e5 6. Bc2 Be7 7. 0-0 0-0 8. Re1 Qc7 9. d3 Bd7 10. Nbd2 Rfe8 11. Nf1 h6 12. Ne3 Bf8 13. Nh2 Rad8 14. Qf3 Be6 15. Nd5 Bxd5 16. exd5 Ne7 17. Bxh6 gxh6 18. Qxf6 Nxd5 19. Qf5 Ne7 20. Qg4+ Bg7 21. Bb3 d5 22. Re3 Qd7 23. Ba4 Nc6 24. Qh5 f5 25. Rg3 Qf7 26. Qxh6 Re6 27. Rxg7+ 1-0